Teoria geral da infração administrativa a partir da Constituição Federal de 1988 / (Record no. 407)

MARC details
000 -LÍDER
Campo Fixo de Controle 00839nam a2200253 a 4500
001 - NÚMERO DE CONTROLE
Campo de Controle 407
003 - IDENTIFICAÇÃO DO NÚMERO DE CONTROLE
Campo de Controle BR-CuiBMT
005 - DATA E HORA DA ÚLTIMA ATUALIZAÇÃO
Campo de Controle 20231129051858.0
008 - DADOS FIXOS
Dados Fixos 231101s2009 mgb 001 0 por d
020 ## - INTERNATIONAL STANDARD BOOK NUMBER
Nº do ISBN 9788577002313
040 ## - AGÊNCIA CATALOGADORA
Código da Agência Catalogadora BR-CuiBMT
Agência que transcreveu o registro BR-CuiBMT
080 ## - Nº DA CLASSIFICAÇÃO DECIMAL UNIVERSAL
Nº Class. CDU 35.077.3
Nº edição CDU 2007
090 ## - NÚMERO DE CHAMADA
Nº classificação 35.077.3
Cutter F383t
100 1# - ENTRADA PRINCIPAL -- AUTOR PESSOAL
Nome pessoal Ferreira, Daniel
245 10 - TÍTULO PRINCIPAL
Título principal Teoria geral da infração administrativa a partir da Constituição Federal de 1988 /
Indicação de responsabilidade Daniel Ferreira ; prefácio Márcio Cammarosano.
260 ## - PUBLICAÇÃO, DISTRIBUIÇÃO, ETC.
Local de publicação Belo Horizonte :
Editora Fórum,
Data 2009.
300 ## - DESCRIÇÃO FÍSICA
N. páginas ou volumes 392 p. ;
Dimensões 22 cm
504 ## - NOTA DE BIBLIOGRAFIA, ETC.
Nota de bibliografia Inclui bibliografia e índice.
650 ## - ASSUNTO TÓPICO
Cabeçalho tópico ou nome geográfico Direito administrativo
650 ## - ASSUNTO TÓPICO
Cabeçalho tópico ou nome geográfico Infração administrativa
650 ## - ASSUNTO TÓPICO
Cabeçalho tópico ou nome geográfico Controle da administração pública
650 ## - ASSUNTO TÓPICO
Cabeçalho tópico ou nome geográfico Crime contra a administração pública
Subdivisão geográfica Brasil
942 ## - ELEMENTOS DE ENTRADA ADICIONAIS (KOHA)
Fonte de classificação ou esquema de arquivamento Classificação Decimal Universal
Tipo de item do Koha Livros
Holdings
Estado: removido Estado: perdido Fonte de classificação ou esquema de arquivamento Estado: danificado Indisponível para empréstimo Localização permanente Localização atual Data de aquisição Total Checkouts Número de Chamada completo Código de barras Date last seen Número do exemplar Preço efetivo a partir de Tipo de item (Koha)
    Classificação Decimal Universal     Biblioteca da Escola Superior de Contas do TCE/MT Biblioteca da Escola Superior de Contas do TCE/MT 25/10/2013   35.077.3 F383t BIBTCEMT23110128 04/11/2023 Ex. 1 04/11/2023 Livros

Powered by Koha